Effective methods for software testing
Saved in:
| Main Author: | |
|---|---|
| Format: | Book |
| Language: | English |
| Published: |
New York :
John Wiley & Sons,
c1995
|
| Subjects: | |
| Tags: |
Add Tag
No Tags, Be the first to tag this record!
|
MARC
| LEADER | 00000nam a2200000 i 4500 | ||
|---|---|---|---|
| 001 | 1/68855 | ||
| 008 | 990204s1995 eng d | ||
| 020 | |a 0-471-06097-6 | ||
| 035 | |l 10047721 | ||
| 040 | |a GR-MY-UA |b gre |e aacr | ||
| 041 | 0 | |a eng | |
| 082 | 0 | |a 005.14 | |
| 100 | 1 | |a Perry, William E. | |
| 245 | 1 | 0 | |a Effective methods for software testing / |c William Perry |
| 260 | |a New York : |b John Wiley & Sons, |c c1995 | ||
| 300 | |a xv, 539 p.; |b ill.; |c 26 cm. | ||
| 500 | |a Includes bibliogrphical references | ||
| 500 | |a "A Wiley-QED publication" | ||
| 650 | 0 | 0 | |a Computer software |x Testing. |
| 852 | |a INST |b SAMOS |e 19990204 |h 005.14 PER |p 005300013417 |q 005300013417 |t BK |y 0 | ||
| 901 | |a BIBL-1999-1 | ||
| 909 | |a Σ |b 062877 | ||
| 922 | |a 3ΕΛΗ |b 199812 |c ΤΠΕΣ |d ΠΑΠΑΣΩΤΗΡΙΟΥ | ||